000 00484nam a2200205Ia 4500
001 13854
003 GE_BSU
008 181216s||||||||xx |||||||||||||| ||und||
020 _a0723229511
040 _cGE_BSU
080 _a82-94
100 _aPotter,Beatrix
245 4 _aThe Complete Adventures of Peter Rabbit
260 _aLondon
260 _bPenguin Group
260 _c1987
300 _a177p.ill.29cm.
653 _aThe Complete Adventures of Peter Rabbit
942 _cBK
999 _c47000
_d47000